| 000 | 00915nam a22002177a 4500 | ||
|---|---|---|---|
| 003 | DO-SdBNP | ||
| 005 | 20220114140625.0 | ||
| 008 | 220114b2006 ||||e |||| 001 0 spa d | ||
| 040 |
_aDO-SdBNP _bspa _cBNPHU |
||
| 082 |
_222 _bR426p |
||
| 110 | 1 | 0 |
_aRepública Dominicana. Suprema Corte de Justicia ; Centro de Documentación e Información Judicial Dominicana (CENDIJD) _980941 |
| 245 |
_aPrincipales informaciones del poder Judicial Dominicano / _cSuprema Corte de Justicia ; Centro de Documentación e Información Judicial Dominicana ; Nauel Bourtakan |
||
| 260 |
_aSanto Dominigo : _b(CENDIJD), _c2006. |
||
| 300 |
_a39 p. : _bil. ; _c28 cm |
||
| 590 | _aInventariado, 2022 / SA | ||
| 650 | 4 | 0 |
_936221 _aPoder Judicial _xHistoria _zRepública Dominicana |
| 650 | 4 | 0 |
_910058 _aPoder Judicial _zRepública Dominicana |
| 700 | 1 |
_aBourtakan, Nauel _eCoordinación _980942 |
|
| 910 | _aSaquino | ||
| 942 |
_2ddc _cLF2 |
||
| 999 |
_c51171 _d51171 |
||